Statistiques concernant Pays connectés sur la carte du monde #2

Cliquez ici pour prendre le quiz!

Statistiques générales

  • Ce quiz a été pris 4 612 fois
  • Le résultat moyen est 19 sur 23

Réponses sur la Carte

Les réponses sont colorées sur une échelle allant du rouge au vert en fonction du pourcentage des utilisateurs qui les ont devinées à leur premier essai. Vous pouvez retrouver ces pourcentages ci-dessous.
Chargement ...
 

Statistiques - réponses

Pays% Correct
France
99%
Russie
99%
Espagne
99%
Suède
98%
Allemagne
98%
Finlande
97%
Maroc
97%
Danemark
95%
Mali
89%
Mauritanie
87%
Corée du Nord
83%
Corée du Sud
82%
Luxembourg
80%
Nigeria
78%
Cameroun
74%
Burkina Faso
70%
Bénin
70%
République
Centrafricaine
66%
Kenya
64%
Mozambique
63%
Éthiopie
62%
Tanzanie
62%
Soudan du Sud
56%

Distribution des résultats

Percentile par nombre de réponses

% des personnes avec chaque résultat

Votre développement - résultats

Vous n’avez pas pris ce quiz